[Event "ch-RUS u20"]
[Site "Nojabrsk RUS"]
[Date "2005.03.05"]
[Round "4"]
[White "Kuznetsov,Vi2"]
[Black "Iljin,A"]
[Result "0-1"]
[WhiteElo "2416"]
[BlackElo "2482"]

1.e4 c5 2.Nf3 e6 3.d4 cxd4 4.Nxd4 a6 5.Bd3 g6 6.f4 Bg7 7.Nf3 d6 8.Nc3 Nf6
9.Qe2 Nc6 10.a4 O-O 11.O-O Nb4 12.Kh1 Nd7 13.Be3 b6 14.Rad1 Qc7 15.Bd4 e5
16.Be3 exf4 17.Bxf4 Ne5 18.Bxe5 dxe5 19.Bc4 h6 20.Nd5 Nxd5 21.Bxd5 Ra7 22.Rd3 Kh7
23.Rc3 Qd8 24.Qe3 Rc7 25.Rd3 Qe7 26.c4 Qc5 27.Qxc5 bxc5 28.Rb3 f5 29.Rb6 fxe4
30.Bxe4 Rf4 31.Bxg6+ Kg8 32.Rb8 Bf8 33.g3 Rf6 34.Be4 Bh3 35.Bd5+ Kg7 36.Re1 e4
37.Ng1 Bf5 38.Ne2 Bd6 39.Nc3 Re7 40.Nxe4 Bxb8  0-1

[Event "Acropolis Women's GM Open"]
[Site "Athens GRE"]
[Date "2005.03.06"]
[Round "1"]
[White "Trabert,B"]
[Black "Stiri,A"]
[Result "0-1"]
[WhiteElo "2357"]
[BlackElo "2175"]

1.e4 c5 2.Nf3 e6 3.d4 cxd4 4.Nxd4 a6 5.Bd3 g6 6.O-O Bg7 7.Nb3 Ne7 8.c4 d5
9.exd5 exd5 10.cxd5 O-O 11.Be4 Nd7 12.d6 Nc6 13.Nc3 Re8 14.Bxc6 bxc6 15.Bf4 a5
16.Rc1 a4 17.Nd2 Ba6 18.Re1 Rxe1+ 19.Qxe1 Nc5 20.Qe3 Nd3 21.Rb1 a3 22.Nde4 Nxf4
23.Qxf4 Bd3 24.Rd1 Bc2 25.Rd2 Bxe4 26.Qxe4 axb2 27.Nb1 Qd7 28.Qc4 Re8 29.Rd1 Qe6
30.Qxe6 fxe6 31.Kf1 Rd8 32.d7 Kf8 33.Rd6 c5 34.Rxe6 c4 35.Ke2 Rxd7 36.Rc6 c3
37.a4 Ke7 38.g3 Kd8 39.Na3 Rc7 40.Rxc7 Kxc7 41.Kd3 Kb6 42.Kc2 Kc5 43.a5 Kc6
44.f4 Kb7 45.g4 Ka6 46.Nc4 Kb5 47.Nd6+ Kxa5 48.f5 Kb4 49.Ne4 Ka3 50.Kb1 Kb3
51.Nc5+ Kc4 52.Ne4 Kd3 53.f6 Bf8 54.Nf2+ Ke3 55.Nh3 Kd2 56.Ng5 c2+  0-1

[Event "TCh-BEL 2004-5"]
[Site "Belgium BEL"]
[Date "2005.03.06"]
[Round "10"]
[White "Popovic,Pe"]
[Black "Lemmers,O"]
[Result "1-0"]
[WhiteElo "2508"]
[BlackElo "2395"]

1.e4 c5 2.Nf3 e6 3.d4 cxd4 4.Nxd4 a6 5.Bd3 Bc5 6.Be3 d6 7.Nc3 Nd7 8.Qd2 Ngf6
9.f3 b5 10.g4 Qb6 11.Be2 e5 12.Nf5 Bxe3 13.Nxe3 g6 14.a4 b4 15.Ncd5 Nxd5
16.Nxd5 Qd8 17.O-O-O a5 18.Qh6 Ba6 19.Bxa6 Rxa6 20.f4 exf4 21.Rhf1 Nc5 22.Qg7 Kd7
23.Rxf4 Kc8 24.Rxf7 Kb8 25.Rdf1 Ne6 26.Rb7+ Kc8 27.Qe7 Qxe7 28.Rxe7 Nd8 29.Rf6 Kb8
30.e5 Nb7 31.exd6 Rd8 32.d7 Rxf6 33.Nxf6 h6 34.Rg7 g5 35.Ng8 Nc5 36.Nxh6 Nxd7
37.Rxg5 Nb6 38.Rg8  1-0

[Event "Sozina Open"]
[Site "Bar SCG"]
[Date "2005.03.09"]
[Round "6"]
[White "Marinkovic,Sl"]
[Black "Kontic,D"]
[Result "1/2-1/2"]
[WhiteElo "2421"]
[BlackElo "2347"]

1.e4 c5 2.Nf3 e6 3.d4 cxd4 4.Nxd4 a6 5.Bd3 Nc6 6.Nxc6 bxc6 7.c4 c5 8.O-O Ne7
9.Nc3 Nc6 10.f4 Nd4 11.Be3 Bb7 12.Qd2 Qc7 13.Qf2 d6 14.Bxd4 cxd4 15.Qxd4 d5
16.Kh1 dxc4 17.Qxc4 Qxc4 18.Bxc4 Rc8 19.Bd3 Bb4  1/2-1/2

[Event "Sozina Open"]
[Site "Bar SCG"]
[Date "2005.03.09"]
[Round "6"]
[White "Todorovic,J"]
[Black "Ionescu,Co"]
[Result "1-0"]
[WhiteElo "2387"]
[BlackElo "2465"]

1.e4 c5 2.Nf3 e6 3.d4 cxd4 4.Nxd4 a6 5.Bd3 Nf6 6.O-O d6 7.c4 b6 8.Nc3 Bb7
9.f4 g6 10.Kh1 Bg7 11.f5 Qe7 12.fxe6 fxe6 13.Qf3 Nc6 14.Nxc6 Bxc6 15.Bg5 O-O
16.Qh3 Rae8 17.Qh4 Rf7 18.Rf3 Ref8 19.Raf1 b5 20.cxb5 axb5 21.a3 Qd8 22.h3 Qe7
23.Bb1 Qd8 24.Nd1 Qe7 25.Nc3 Qd8 26.Ba2 Qe7 27.Rf4 Bh8 28.Nd1 Bd7 29.R4f3 Bc6
30.R3f2  1-0

[Event "Sozina Open"]
[Site "Bar SCG"]
[Date "2005.03.11"]
[Round "8"]
[White "Stojanovic,Da"]
[Black "Predojevic,B"]
[Result "1/2-1/2"]
[WhiteElo "2450"]
[BlackElo "2546"]

1.e4 c5 2.Nf3 e6 3.d4 cxd4 4.Nxd4 a6 5.Bd3 Bc5 6.Nb3 Ba7 7.Qe2 Nc6 8.Be3 d6
9.N1d2 Nf6 10.O-O O-O 11.Bxa7 Rxa7 12.Qe3  1/2-1/2

[Event "TCh-SWE Elitserien 2004-5"]
[Site "Malmo SWE"]
[Date "2005.03.11"]
[Round "9"]
[White "Astrom,G"]
[Black "Eriksson,Mag1"]
[Result "0-1"]
[WhiteElo "2308"]
[BlackElo "2338"]

1.e4 c5 2.Nf3 e6 3.d4 cxd4 4.Nxd4 a6 5.Bd3 Bc5 6.Nb3 Ba7 7.Qe2 Nc6 8.Be3 d6
9.Nc3 e5 10.O-O Nge7 11.Bc4 O-O 12.Rfd1 Qc7 13.Bxa7 Rxa7 14.a4 Ra8 15.Rd2 Be6
16.Bxe6 fxe6 17.Qc4 Rf6 18.Rad1 Rd8 19.Nc1 Nc8 20.Qa2 Rdf8 21.f3 g5 22.h3 h5
23.Nd3 g4 24.Ne1 Rg6 25.Kh2 Qd8 26.Ne2 Qh4 27.Ng1 gxh3 28.Nxh3 Nd4 29.Rf2 Rg3
30.Rdd2 Kh8 31.Qc4 Rfg8 32.Qf1 Ne7 33.c3 Ng6 34.Nd3 Nb3 35.Rde2 Nc5 36.Nxc5 dxc5
37.Rd2 Nf4 38.Rc2 Rxh3+ 39.gxh3 Rg3 40.Rcd2 Rxh3+  0-1

[Event "FSGM March"]
[Site "Budapest HUN"]
[Date "2005.03.14"]
[Round "10"]
[White "Greet,A"]
[Black "Pataki,G"]
[Result "1/2-1/2"]
[WhiteElo "2389"]
[BlackElo "2321"]

1.e4 c5 2.Nf3 e6 3.d4 cxd4 4.Nxd4 a6 5.Bd3 Bc5 6.Nb3 Ba7 7.Qe2 Nc6 8.Be3 d6
9.f4 Nf6 10.Nc3 b5 11.O-O e5 12.Bxa7 Rxa7 13.a4 b4 14.Nd5 O-O 15.a5 Be6 16.fxe5 Nxd5
17.exd5 Bxd5 18.Bxh7+ Kxh7 19.Qd3+ Kg8 20.Qxd5 Nxe5 21.Rad1 Rd7 22.Rd4 Qc7
23.Rf2 Rb8 24.h3 Rdd8 25.Rfd2 Rb5 26.Qe4 d5 27.Rxd5 Rbxd5 28.Rxd5 Rxd5 29.Qxd5 Qxc2
30.Qxe5 Qxb3 31.Qe8+ Kh7 32.Qe2 g6 33.Kh2 Qd5 34.Qxa6 Qe5+ 35.Kh1 Qe1+ 36.Kh2  1/2-1/2

[Event "ch-Privolzhsky Region"]
[Site "Ishevsk RUS"]
[Date "2005.03.16"]
[Round "1"]
[White "Bronnikov,K1"]
[Black "Ozolin,M"]
[Result "0-1"]
[WhiteElo "2142"]
[BlackElo "2411"]

1.e4 c5 2.Nf3 e6 3.d4 cxd4 4.Nxd4 a6 5.Bd3 Nf6 6.O-O Qc7 7.Qe2 d6 8.Kh1 Nbd7
9.f4 b6 10.Nc3 Bb7 11.Nb3 Be7 12.Bd2 O-O 13.Rae1 e5 14.f5 b5 15.a3 Rac8 16.Rf3 Rfe8
17.Rg3 Bf8 18.Qf3 d5 19.exd5 Nb6 20.Be4 Nxe4 21.Nxe4 Nxd5 22.Qh5 f6 23.Rh3 h6
24.Rg3 Kh8 25.Nbc5 Nf4 26.Bxf4 exf4 27.Rc3 Bxc5 28.Rxc5 Qxc5  0-1

[Event "ch-Privolzhsky Region"]
[Site "Ishevsk RUS"]
[Date "2005.03.17"]
[Round "2"]
[White "Ozolin,M"]
[Black "Iljushin,A"]
[Result "1/2-1/2"]
[WhiteElo "2411"]
[BlackElo "2530"]

1.e4 c5 2.Nf3 e6 3.d4 cxd4 4.Nxd4 a6 5.Bd3 Bc5 6.Nb3 Ba7 7.Nc3 Nc6 8.Qe2 d6
9.Be3 b5 10.Bxa7 Rxa7 11.Qe3 Nf6 12.O-O-O Rd7 13.f4 Qc7 14.Kb1 O-O 15.Qh3 Nb4
16.g4 d5 17.e5 Nxd3 18.cxd3 d4 19.Nxb5 axb5 20.exf6 Qxf4 21.fxg7 Kxg7 22.g5 Rd5
23.Rdf1 Qe5 24.Rhg1 Kg8 25.Qh6 Qg7 26.Qh4 Bb7 27.Rf6 b4 28.Qg3 Rf5 29.Rxf5 exf5
30.Qf4 Re8 31.Nxd4 Be4 32.Nxf5 Bxd3+ 33.Ka1 Bxf5 34.Qxf5 Qd4 35.Rf1 Qc4 36.Qf3 b3
37.axb3 Qa6+ 38.Kb1 Qg6+ 39.Ka2 Qa6+ 40.Kb1 Qg6+ 41.Ka2  1/2-1/2

[Event "ch-Privolzhsky Region"]
[Site "Ishevsk RUS"]
[Date "2005.03.17"]
[Round "2"]
[White "Alavkin,A"]
[Black "Rodchenkov,S"]
[Result "1/2-1/2"]
[WhiteElo "2476"]
[BlackElo "2355"]

1.e4 c5 2.Nf3 e6 3.d4 cxd4 4.Nxd4 a6 5.Bd3 Bc5 6.Nb3 Ba7 7.Qe2 Nc6 8.Be3 d6
9.O-O Nf6 10.N1d2 O-O 11.Bxa7 Rxa7 12.c3 e5 13.Nc4  1/2-1/2

[Event "ch-EU"]
[Site "Cork IRL"]
[Date "2005.03.23"]
[Round "2"]
[White "Roos,M GER"]
[Black "Miezis,N"]
[Result "0-1"]
[WhiteElo "2365"]
[BlackElo "2547"]

1.Nf3 c5 2.e4 e6 3.d4 cxd4 4.Nxd4 a6 5.Bd3 Nc6 6.Nxc6 dxc6 7.Nd2 e5 8.Nc4 Nf6
9.O-O Qc7 10.Bd2 b5 11.Ba5 Qb8 12.Nb6 Ra7 13.Nxc8 Qxc8 14.a4 Be7 15.Bc3 Qb8
16.axb5 cxb5 17.Qf3 O-O 18.Ra2 b4 19.Bd2 a5 20.Be3 Ra8 21.Rfa1 Qc7 22.Bg5 Ra7
23.b3 Rfa8 24.Bxf6 Bxf6 25.Ra4 Be7 26.Bc4 Bc5 27.Bd5 Rd8 28.Rd1 Bd4 29.Qd3 Rc8
30.Bc4 Qb6 31.Kh1 Qf6 32.Qh3 Rd8 33.Qf5 Qb6 34.g3 g6 35.Qg4 Kg7 36.h4 Bxf2
37.Rxd8 Qxd8 38.Ra1 Qd2 39.Rf1 a4 40.Qf3 axb3 41.Bxb3 Bc5 42.Bxf7 Qd8 43.Bd5 Rc7
44.Qg4 Kh6 45.h5 Qg5 46.Qxg5+ Kxg5 47.hxg6 hxg6 48.Rf7 Rc8 49.Kg2 Be3 50.Bb3 Rc6
51.Rf3 Bd4 52.Rf7 Kg4 53.Rf3 Bb6 54.Rf8 Rc3 55.Be6+ Kg5 56.Rc8 Re3 57.Rc4 Bd4
58.Rxb4 Re2+ 59.Kf1 Rf2+ 60.Ke1 Rf6 61.Rxd4 exd4 62.Bd7 Rf3 63.g4 Kf4 64.Kd2 Rg3
65.Ke2 Kxe4 66.Kf2 Rc3 67.Be8 Rxc2+ 68.Kg3 Rc3+ 69.Kh4 Kf4 70.Bxg6 d3 71.Be8 Rc8
72.Bh5 d2 73.g5 Rc1 74.Bg4 Rh1+ 75.Bh3 d1=Q 76.g6 Qg4+  0-1

[Event "XXXXII Open"]
[Site "La Roda ESP"]
[Date "2005.03.23"]
[Round "1"]
[White "Benitez Fernandez,M"]
[Black "Mirzoev,A"]
[Result "0-1"]
[WhiteElo "2018"]
[BlackElo "2529"]

1.e4 c5 2.Nf3 e6 3.d4 cxd4 4.Nxd4 a6 5.Bd3 g6 6.O-O Bg7 7.Be3 Ne7 8.Nd2 O-O
9.f4 Nbc6 10.c3 e5 11.fxe5 Nxe5 12.Bc2 d5 13.Bb3 Ng4 14.Qf3 Nxe3 15.Qxe3 dxe4
16.Nxe4 Nf5 17.Nxf5 Bxf5 18.Ng3 Bg4 19.Rxf7 Rxf7 20.Rf1 Bf6 21.Ne4 Bf5 22.Nxf6+ Qxf6
23.g4 Rf8 24.gxf5 gxf5 25.Qf3 Kh8 26.Bxf7 Rxf7 27.Rd1 h6 28.Qd5 Kh7 29.Qd6 Qg5+
30.Kf1 Rg7 31.Rd2 Qe3 32.Rf2 Qc1+ 33.Ke2 Qxb2+ 34.Qd2 Qb1 35.Qd5 Qc2+ 36.Kf1 Qc1+
37.Ke2 Re7+ 38.Kf3 Qxc3+ 39.Kf4 Qe3+  0-1

[Event "7th Foxwoods Open"]
[Site "Connecticut USA"]
[Date "2005.03.24"]
[Round "3"]
[White "Lewis,Ja"]
[Black "Bercys,S"]
[Result "1/2-1/2"]
[WhiteElo "2243"]
[BlackElo "2319"]

1.e4 c5 2.Nf3 e6 3.d4 cxd4 4.Nxd4 a6 5.Bd3 Bc5 6.Nb3 Ba7 7.Qe2 Nc6 8.Nc3 Nge7
9.Be3 e5 10.Bxa7 Rxa7 11.a4 O-O 12.O-O d6 13.Bc4 Kh8 14.Rad1 f5 15.f3 f4
16.Qf2 Ra8 17.Rd2 Rf6 18.Rfd1 Qc7 19.Nd5 Nxd5 20.Bxd5 Ne7 21.a5 Nxd5  1/2-1/2

[Event "ch-EU"]
[Site "Cork IRL"]
[Date "2005.03.24"]
[Round "3"]
[White "Solleveld,Maa"]
[Black "Pritchett,C"]
[Result "0-1"]
[WhiteElo "2468"]
[BlackElo "2258"]

1.e4 c5 2.Nf3 e6 3.d4 cxd4 4.Nxd4 a6 5.Bd3 Bc5 6.Nb3 Ba7 7.Qe2 Nc6 8.Be3 d6
9.Nc3 Nge7 10.f4 O-O 11.O-O b5 12.Rad1 b4 13.Nb1 a5 14.Bxa7 Rxa7 15.Qf2 a4
16.N3d2 d5 17.Nf3 Qc7 18.Nd4 Nxd4 19.Qxd4 Nc6 20.Qf2 dxe4 21.Bxe4 Ra5 22.a3 bxa3
23.Nxa3 Ba6 24.Rfe1 Ne7 25.Rd4 Ng6 26.Rb4 f5 27.Bd3 Bxd3 28.cxd3 Rb8 29.Rxb8+ Qxb8
30.g3 Rd5 31.Rxe6 Rxd3 32.Qe2 Qa7+ 33.Kf1 Qd7 34.Nc4 Qd5 35.Rd6 Qh1+ 36.Kf2 Qxh2+
37.Kf1 Qh1+ 38.Kf2 Qh2+ 39.Kf1 Qh3+ 40.Qg2 Rf3+ 41.Kg1 Rxg3  0-1

[Event "Arcimpex Cup"]
[Site "Frydek Mistek CZE"]
[Date "2005.03.24"]
[Round "2"]
[White "Vybiral,Z"]
[Black "Zapolskis,A"]
[Result "1/2-1/2"]
[WhiteElo "2240"]
[BlackElo "2341"]

1.e4 c5 2.Nf3 e6 3.d4 cxd4 4.Nxd4 a6 5.Bd3 Qc7 6.O-O b5 7.a4 b4 8.c3 Nf6
9.Bg5 Bb7 10.Qe2 Bd6 11.h3 Nc6 12.Nxc6 Qxc6 13.Nd2 bxc3 14.bxc3 Bc7 15.Rab1 h6
16.Bh4 Bf4 17.Nc4 Nxe4 18.Rxb7 Qxb7 19.Bxe4 d5 20.Rb1 Qc6 21.Bd3 g5 22.Bg3 Bxg3
23.fxg3 dxc4 24.Qe5 cxd3 25.Qxh8+ Ke7 26.Qxh6 Rg8 27.Qh7 Rd8 28.Rf1 Qe8 29.Qg7 Qg8
30.Qe5 d2 31.Qc5+ Ke8 32.Qc6+ Kf8 33.Qc5+ Ke8 34.Qc6+ Kf8 35.Qc5+  1/2-1/2

[Event "7th Foxwoods Open"]
[Site "Connecticut USA"]
[Date "2005.03.25"]
[Round "4"]
[White "Mirabile,T"]
[Black "Kleiman,J"]
[Result "1/2-1/2"]
[WhiteElo "2247"]
[BlackElo "2262"]

1.e4 c5 2.Nf3 e6 3.d4 cxd4 4.Nxd4 a6 5.Bd3 Qc7 6.O-O Nf6 7.Qe2 d6 8.a4 g6
9.Nc3 Bg7 10.Nb3 b6 11.f4 Bb7 12.Bd2 O-O 13.Rae1 Nbd7 14.g4 Nc5 15.g5 Nfd7
16.Nxc5 Qxc5+ 17.Qf2 Rac8 18.h4 Qxf2+ 19.Kxf2 Nc5 20.Ke3 d5 21.e5 Rfd8 22.Kd4 Bf8
23.Be2 Ne4 24.Kd3 Nxd2 25.Kxd2 Bb4 26.Bf3 Bc6 27.Kc1 d4 28.Bxc6 dxc3 29.Re4 cxb2+
30.Kxb2 Rxc6 31.Rxb4 Rd2 32.Rc1 Rh2 33.Rd4 Kf8 34.Kb3 Rxh4 35.Rcd1 Rh3+ 36.R1d3 Rh2
37.Rd8+ Kg7 38.Ra8 Rcxc2 39.Rdd8 Rb2+ 40.Ka3 Ra2+ 41.Kb3 Rhb2+ 42.Kc3 Rc2+  1/2-1/2

[Event "ch-EU"]
[Site "Cork IRL"]
[Date "2005.03.25"]
[Round "4"]
[White "Arakhamia,K"]
[Black "Eisenbeiser,A"]
[Result "1-0"]
[WhiteElo "2454"]
[BlackElo "2312"]

1.e4 c5 2.Nf3 e6 3.d4 cxd4 4.Nxd4 a6 5.Bd3 Qc7 6.O-O Nf6 7.c4 Nc6 8.Nf3 Ng4
9.g3 Nge5 10.Nxe5 Nxe5 11.Be2 Bc5 12.Nc3 d6 13.b3 O-O 14.Bb2 Bd7 15.Qd2 Bc6
16.Rac1 Qe7 17.a3 f5 18.b4 Bb6 19.c5 dxc5 20.Na4 Bxa4 21.Bxe5 cxb4 22.Bd6 Rfd8
23.e5 Qd7 24.Qxb4 Bb5 25.Bxb5 axb5 26.Rb1 Bc7 27.Rfd1 Rac8 28.Qb3 Kf7 29.Bxc7 Qxc7
30.Qxb5 Kg6 31.h4 Rxd1+ 32.Rxd1 Qe7 33.Rd7 Qxa3 34.Qxb7 Rg8 35.Qc7 Qa1+ 36.Kg2 Qe1
37.Re7 Qe4+ 38.Kh2 Qd5 39.Qb6 Rc8 40.Rxe6+ Kh5 41.Qe3  1-0

[Event "Open"]
[Site "Coventry ENG"]
[Date "2005.03.25"]
[Round "2"]
[White "Hagesaether,H"]
[Black "Conquest,S"]
[Result "0-1"]
[WhiteElo "2258"]
[BlackElo "2513"]

1.e4 c5 2.Nf3 e6 3.d4 cxd4 4.Nxd4 a6 5.Bd3 Qb6 6.Nb3 Qc7 7.f4 d6 8.Qf3 Nd7
9.Be3 Be7 10.O-O Ngf6 11.c4 b6 12.Nc3 Bb7 13.Rac1 Rc8 14.Qg3 g6 15.Bd4 Qb8
16.e5 Nh5 17.Qf2 O-O 18.Rce1 Rcd8 19.Re3 dxe5 20.Bxe5 Nxe5 21.fxe5 Bg5 22.Be4 Bxe3
23.Qxe3 Qxe5 24.g4 Ng7 25.Qf3 Bxe4 26.Nxe4 f5  0-1

[Event "Alpress Cup"]
[Site "Frydek Mistek CZE"]
[Date "2005.03.27"]
[Round "8"]
[White "Jurcik,Mart"]
[Black "Dudys,J"]
[Result "0-1"]
[WhiteElo "2175"]
[BlackElo "1994"]

1.e4 c5 2.Nf3 e6 3.d4 cxd4 4.Nxd4 a6 5.Bd3 Bc5 6.Nb3 Be7 7.Nc3 d6 8.O-O Nf6
9.Qe2 Nbd7 10.f4 Qc7 11.Bd2 b5 12.a4 b4 13.Na2 a5 14.Kh1 e5 15.c3 Nc5 16.Nxc5 dxc5
17.fxe5 Qxe5 18.Bf4 Qe6 19.e5 Nd5 20.Bg3 Nb6 21.c4 Bb7 22.b3 O-O 23.Rf2 Bg5
24.Qc2 h6 25.Raf1 Rad8 26.Bf5 Qc6 27.e6 Kh8 28.Bg4 f5 29.Bxf5 Nc8 30.Bh3 Rxf2
31.Rxf2 Qe4 32.Qxe4 Rd1+  0-1

[Event "Spring Open"]
[Site "Belgrade SCG"]
[Date "2005.03.28"]
[Round "4"]
[White "Maksimovic,Mir"]
[Black "Pucarevic,M"]
[Result "0-1"]
[WhiteElo "2185"]
[BlackElo "2289"]

1.e4 c5 2.Nf3 e6 3.d4 cxd4 4.Nxd4 a6 5.Bd3 Nf6 6.O-O d6 7.Qe2 Nbd7 8.f4 Qc7
9.c4 Be7 10.b3 O-O 11.Bb2 Re8 12.Nxe6 fxe6 13.e5 Nf8 14.exf6 Bxf6 15.Bxf6 gxf6
16.Nd2 f5 17.Rae1 Bd7 18.Qh5 Ng6 19.Qe2 Re7 20.Qf2 Rg7 21.Re3 Rf8 22.Rg3 e5
23.fxe5 dxe5 24.c5 Be6 25.Bc4 Bxc4 26.Nxc4 f4 27.Rg4 Qd7 28.Rg5 Qe7 29.h4 e4
30.Nd6 e3 31.Qe1 Nxh4 32.Rxg7+ Kxg7 33.Qc3+ Kh6 34.Qd4 Qg5 35.Qe4 f3 36.Qe6+ Kh5  0-1

[Event "ch-EU"]
[Site "Cork IRL"]
[Date "2005.03.29"]
[Round "8"]
[White "Pritchett,C"]
[Black "D'Costa,L"]
[Result "1/2-1/2"]
[WhiteElo "2258"]
[BlackElo "2356"]

1.e4 c5 2.Nf3 e6 3.d4 cxd4 4.Nxd4 a6 5.Bd3 Bc5 6.Nb3 Ba7 7.O-O Nc6 8.Qe2 d6
9.Be3 Nf6 10.Bxa7 Rxa7 11.c4 e5 12.Nc3 Be6 13.Nd5 Nd7 14.Qe3 b6 15.Nc1 O-O
16.Ne2 f6 17.Rab1 a5 18.Rbc1 Nc5 19.Bb1 Qb8 20.b3 b5 21.cxb5 Qxb5 22.Rfd1 Qb8
23.Nec3 Nd4 24.Bd3 Qe8 25.Bc4 Qg6 26.Rxd4 exd4 27.Qxd4 Qh6 28.Re1 Kh8 29.Nb5 Rd7
30.Nb6 Rdd8 31.Nc7 Bxc4 32.Nxc4  1/2-1/2

[Event "ch-FRA Top 16 GpA"]
[Site "Noyon FRA"]
[Date "2005.03.31"]
[Round "4"]
[White "Milliet,S"]
[Black "Collas,S"]
[Result "1-0"]
[WhiteElo "2309"]
[BlackElo "2358"]

1.e4 c5 2.Nf3 e6 3.d4 cxd4 4.Nxd4 a6 5.Bd3 Qc7 6.O-O Nf6 7.c4 d6 8.Nc3 Be7
9.b3 b6 10.Bb2 Bb7 11.Qe2 O-O 12.Rad1 Nc6 13.Nxc6 Bxc6 14.f4 g6 15.Kh1 Qb7
16.a4 Rfd8 17.Bc2 Rab8 18.e5 dxe5 19.Rxd8+ Rxd8 20.fxe5 Nh5 21.Be4 f5 22.exf6 Bxf6
23.Qf3 Rc8 24.Ba1 Bg7 25.Bxc6 Qxc6 26.Nd5 Qe8 27.Nxb6 Rc5 28.Bxg7 Rf5 29.Qe2 Rxf1+
30.Qxf1 Kxg7 31.Qd3 Nf6 32.c5 e5 33.Qxa6 e4 34.Qe2 Qe5 35.g3 Qxc5 36.Nc4 h5
37.a5 Ng4 38.h3 Nf6 39.Kg2 h4 40.gxh4 Qd5 41.Qe3 Qd1 42.a6 Qc2+ 43.Nd2 Kh7
44.a7 Qa2 45.Qf2 Qa5 46.a8=Q Qxa8 47.Qxf6 e3+ 48.Nf3 Qa2+ 49.Kg3 Qf2+ 50.Kg4  1-0

[Event "ch-FRA Top 16 GpA"]
[Site "Noyon FRA"]
[Date "2005.04.02"]
[Round "6"]
[White "Sokolov,And1"]
[Black "Conquest,S"]
[Result "1-0"]
[WhiteElo "2582"]
[BlackElo "2513"]

1.e4 c5 2.Nf3 e6 3.d4 cxd4 4.Nxd4 a6 5.Bd3 Bc5 6.Nb3 Ba7 7.Nc3 Nc6 8.Qe2 d6
9.Be3 Nge7 10.Rd1 b5 11.O-O e5 12.Nd5 O-O 13.c4 Nxd5 14.exd5 bxc4 15.dxc6 cxd3
16.Qxd3 Bxe3 17.fxe3 Bg4 18.Rd2 Qb6 19.Qc3 Rad8 20.Na5 d5 21.Rc1 Be6 22.Qc5 Qc7
23.Nb7 Rb8 24.b4 Rfc8 25.Rdc2 h6 26.Nd6 Rd8 27.Nb7 Rdc8 28.b5 axb5 29.Nd6 Rf8
30.Nxb5 Qa5 31.Nd6 Qc7 32.Nb5 Qa5 33.Nd6 Qc7 34.a4 Ra8 35.Ra1 Ra6 36.Nb5 Qa5
37.Qc3 Qxc3 38.Rxc3 Rc8 39.c7 Kf8 40.Rac1 Ke7 41.Rc6 Rxc6 42.Rxc6 Bd7 43.Rc5 Ra8
44.Rxd5 Rxa4 45.Rxe5+ Kf6 46.Rc5 Ra5 47.e4 Ke7 48.Re5+ Kf6 49.Rc5 Ke7 50.Kf2 Bc8
51.Re5+ Kf6 52.Rd5 Ra2+ 53.Ke3 Rc2 54.Rd8 Be6 55.Rb8 Ke5 56.Kd3 Rc5  1-0

[Event "ch-FRA Top 16 GpA"]
[Site "Noyon FRA"]
[Date "2005.04.02"]
[Round "6"]
[White "Oudot,J"]
[Black "Marzolo,C"]
[Result "0-1"]
[WhiteElo "2142"]
[BlackElo "2428"]

1.e4 c5 2.Nf3 e6 3.d4 cxd4 4.Nxd4 a6 5.Bd3 Nf6 6.O-O Qc7 7.Nc3 b5 8.a3 Bb7
9.Qe2 d6 10.f4 Nbd7 11.f5 e5 12.Nf3 h6 13.Be3 Be7 14.h3 Rc8 15.Qf2 Qb8 16.Nd2 O-O
17.Rae1 Rfe8 18.Qf3 Qa8 19.Bf2 Rc7 20.Re2 Qc8 21.Ndb1 Qa8 22.Rfe1 Rec8 23.Bg3 Bf8
24.Qf1 Nb6 25.Nd2 Qb8 26.Bf2 Ba8 27.Rc1 Rxc3 28.bxc3 d5 29.exd5 Nbxd5 30.Bg3 Nxc3
31.Bxe5 Nxe2+ 32.Qxe2 Qb6+ 33.Kh1 Re8 34.Re1 Bd6  0-1

[Event "ch-FRA Top 16 GpA"]
[Site "Noyon FRA"]
[Date "2005.04.03"]
[Round "7"]
[White "Muller,A"]
[Black "Saatdjian,T"]
[Result "1-0"]
[WhiteElo "2181"]
[BlackElo "2082"]

1.e4 c5 2.Nf3 e6 3.d4 cxd4 4.Nxd4 a6 5.Bd3 Nf6 6.O-O Qc7 7.Nc3 Nc6 8.Be3 h5
9.h3 b5 10.a3 Bb7 11.Nxc6 Qxc6 12.Qe2 Bc5 13.Bxc5 Qxc5 14.e5 Qc6 15.f4 Qb6+
16.Kh1 Ng4 17.Be4 Ne3 18.Rfe1 Bxe4 19.Nxe4 Nf5 20.Rad1 Rc8 21.Rd3 Rc4 22.b3 Rc7
23.a4 Qc6 24.axb5 axb5 25.c3 Ra7 26.Qf2 Ra8 27.Qf3 Ra3 28.b4 Ra2 29.Nd6+ Nxd6
30.Qxc6 dxc6 31.Rxd6 Ra6 32.Red1 O-O 33.Rd7 Ra3 34.R1d3 Rc8 35.Rb7 c5 36.bxc5 Rxc5
37.Rd8+ Kh7 38.Rxf7 Raxc3 39.Kh2 h4 40.Rff8 b4 41.Rh8+ Kg6 42.Rxh4 b3 43.Rg4+ Kh7
44.Rd7 Rd5 45.Rdxg7+ Kh8 46.Rg8+ Kh7 47.R4g7+ Kh6 48.Rg6+ Kh7 49.R8g7+ Kh8
50.Rb7 Rd8 51.Rxe6 Re3 52.f5 Re2 53.Rh6+ Kg8 54.f6  1-0

[Event "Belgrade Cup"]
[Site "Belgrade SCG"]
[Date "2005.04.06"]
[Round "2"]
[White "Nikolic,Milo"]
[Black "Srdic,D"]
[Result "1-0"]
[WhiteElo "2177"]
[BlackElo "2230"]

1.e4 c5 2.Nf3 e6 3.d4 cxd4 4.Nxd4 a6 5.Bd3 Qc7 6.O-O Nf6 7.c4 d6 8.Nc3 b6
9.Be3 Bb7 10.Rc1 Nbd7 11.b4 Be7 12.f4 Rc8 13.f5 e5 14.Nd5 Qd8 15.Ne6 fxe6
16.fxe6 O-O 17.exd7 Nxd7 18.Qg4 Kh8 19.Rxf8+ Bxf8 20.Rf1 Bxd5 21.exd5 Nf6
22.Qf5 e4 23.Bxe4 Qe8 24.Bd4 Qxe4 25.Qxc8 Qxd4+ 26.Kh1 Kg8 27.Qe6+ Kh8 28.Qf7 Qxc4
29.Rxf6  1-0

[Event "7th UI&UL GM"]
[Site "Dhaka BAN"]
[Date "2005.04.06"]
[Round "2"]
[White "Hasan,Me"]
[Black "Sriram,J"]
[Result "1/2-1/2"]
[WhiteElo "2322"]
[BlackElo "2445"]

1.e4 c5 2.Nf3 e6 3.d4 cxd4 4.Nxd4 a6 5.Bd3 Nf6 6.O-O Qc7 7.c4 Nc6 8.Nxc6 dxc6
9.f4 e5 10.Nc3 Bg4 11.Be2 Bc5+ 12.Kh1 Bxe2 13.Qxe2 O-O-O 14.fxe5 Qxe5 15.Rf5 Qe7
16.Bg5 h6  1/2-1/2

[Event "7th UI&UL GM"]
[Site "Dhaka BAN"]
[Date "2005.04.07"]
[Round "3"]
[White "Mohammad,J"]
[Black "Ramu,K"]
[Result "1/2-1/2"]
[WhiteElo "2186"]
[BlackElo "2291"]

1.e4 c5 2.Nf3 e6 3.d4 cxd4 4.Nxd4 a6 5.Bd3 Bc5 6.Nb3 Ba7 7.O-O d6 8.Kh1 Nf6
9.c4 Bd7 10.Bg5 h6 11.Bh4 g5 12.Bg3 e5 13.c5 Qc7 14.Qf3 Qd8 15.Bc4 Qe7 16.cxd6 Qxd6
17.Nc3 Bg4 18.Qd3 Qxd3 19.Bxd3 Nbd7 20.Nd5 Nxd5 21.exd5 f6 22.Rac1 Bb6 23.f3 Bh5
24.Bf5 Bf7 25.Bf2 Bxf2 26.Rxf2 Nb6 27.d6 Rd8 28.Rd2 Nc4 29.Rxc4 Bxc4 30.Na5 b5
31.b3 Bf7 32.d7+ Kf8 33.Nb7 Ke7 34.Nxd8 Rxd8 35.Rc2 Be6 36.Bxe6 Kxe6 37.Rc6+ Kxd7
38.Rxa6 Ke7 39.h4 gxh4 40.Kh2 b4 41.Kh3 Rd4 42.Ra7+ Ke6 43.Rh7 Rd2 44.Rxh6 Rxa2
45.Rxh4 Rb2 46.Rxb4 Kf5 47.Kg3 Kg5 48.Rb8 f5 49.b4 e4 50.fxe4 fxe4 51.b5 Rb3+
52.Kf2 Kf6 53.b6 Kg7 54.b7 Kh7 55.g4 Kg7 56.g5 Kh7 57.g6+ Kg7 58.Ke2 Rb2+
59.Ke3 Rb4 60.Kf4 Rb1 61.Kxe4 Rb5 62.Kd4 Rb6 63.Ke5 Rb1  1/2-1/2

[Event "ch-VIE Prelim"]
[Site "Hue VIE"]
[Date "2005.04.07"]
[Round "6"]
[White "Ly Hong Nguyen"]
[Black "Dao Thien Hai"]
[Result "1/2-1/2"]
[WhiteElo "2281"]
[BlackElo "2609"]

1.e4 c5 2.Nf3 e6 3.d4 cxd4 4.Nxd4 a6 5.Bd3 Qc7 6.O-O Nf6 7.Qe2 Nc6 8.Be3 Be7
9.Nd2 O-O 10.f4 d6 11.c3 Re8 12.h3 Nd7 13.N2f3 Nf8 14.Qf2 Bd7 15.Qg3 Rec8
16.Kh1 Na5 17.f5 e5 18.Bh6 Bf6 19.Nc2 Kh8 20.Bg5 Bxg5 21.Nxg5 f6 22.Nf7+  1/2-1/2

[Event "ch-VIE Prelim w"]
[Site "Hue VIE"]
[Date "2005.04.07"]
[Round "6"]
[White "Hoang Xuan Thanh Khiet"]
[Black "Luong Minh Hue"]
[Result "0-1"]
[WhiteElo "2175"]
[BlackElo "2133"]

1.e4 c5 2.Nf3 e6 3.d4 cxd4 4.Nxd4 a6 5.Bd3 Qc7 6.O-O b5 7.Qf3 Bb7 8.Be3 Nf6
9.Nc3 Nc6 10.a3 h5 11.Nxc6 Bxc6 12.Bf4 Bd6 13.Bxd6 Qxd6 14.Qe2 Ng4 15.g3 g5
16.Rad1 Qc5 17.Nb1 Ne5 18.b4 Qb6 19.c4 bxc4 20.Bxc4 g4 21.h4 Nf3+ 22.Kh1 f5
23.Bd3 O-O 24.Nc3 Qd4 25.Qc2 Qe5 26.Rc1 Rac8 27.Qe2 f4 28.Kg2 Nxh4+ 29.Kh2 Nf3+
30.Kg2 fxg3 31.fxg3 h4 32.Qf2 Nh2 33.Qe3 Nxf1 34.Rxf1 h3+ 35.Kh2 Qxc3  0-1

[Event "Belgrade Cup"]
[Site "Belgrade SCG"]
[Date "2005.04.08"]
[Round "4"]
[White "Nikolic,Milo"]
[Black "Nedeljkovic,Dr"]
[Result "1/2-1/2"]
[WhiteElo "2177"]
[BlackElo "2151"]

1.e4 c5 2.Nf3 e6 3.d4 cxd4 4.Nxd4 a6 5.Bd3 Bc5 6.Nb3 Ba7 7.O-O Nc6 8.Bf4 e5
9.Bg3 h5 10.h3 Qg5 11.Kh1 Nge7 12.Nc3 d6 13.Nd5 Nxd5 14.exd5 Ne7 15.Qe1 Nf5
16.Bxf5 Bxf5 17.f4 Qg6 18.fxe5 O-O 19.Nd2 Bxc2 20.e6 fxe6 21.Qxe6+ Qxe6 22.Rxf8+ Rxf8
23.dxe6 Re8 24.Re1 Bf5 25.e7 Bc5 26.Nc4 d5 27.Nd6 Bxd6 28.Bxd6 Kf7 29.a4 Rc8
30.Bb4 Bd7 31.a5 Be8 32.Kh2 Rc4 33.Bd2 Re4 34.Rxe4 dxe4 35.Bb4 Ke6 36.Kg3 Kf5
37.h4 Bc6 38.Bc5 g6  1/2-1/2

[Event "It D"]
[Site "Dos Hermanas ESP"]
[Date "2005.04.08"]
[Round "8"]
[White "Vega Gutierrez,S"]
[Black "Melero Fidalgo,J"]
[Result "1/2-1/2"]
[WhiteElo "2253"]
[BlackElo "2207"]

1.e4 c5 2.Nf3 e6 3.d4 cxd4 4.Nxd4 a6 5.Bd3 Nf6 6.O-O d6 7.c4 Be7 8.Nc3 O-O
9.Qe2 b6 10.Bd2 Bb7 11.f4 Nbd7 12.Rae1 b5 13.cxb5 axb5 14.Ndxb5 Nc5 15.Bc2 d5  1/2-1/2

[Event "7th UI&UL GM"]
[Site "Dhaka BAN"]
[Date "2005.04.09"]
[Round "6"]
[White "Pg,MOAHirawan"]
[Black "Hossain,Mon"]
[Result "1-0"]
[WhiteElo "2230"]
[BlackElo "2170"]

1.e4 c5 2.Nf3 e6 3.d4 cxd4 4.Nxd4 a6 5.Bd3 Nc6 6.Nxc6 bxc6 7.O-O d5 8.e5 Ne7
9.Nc3 c5 10.b3 Nc6 11.Bf4 h5 12.Re1 Bb7 13.Be2 Nd4 14.Bd3 Be7 15.Ne2 Nc6
16.h3 Nb4 17.Ng3 Nxd3 18.cxd3 g6 19.Rc1 h4 20.Nf1 Qb6 21.Qd2 Rh5 22.Nh2 Kf8
23.Qe2 a5 24.Ng4 d4 25.Nf6 Bxf6 26.exf6 Rd8 27.Rc2 Rdd5 28.Qg4 Rdf5 29.Rce2 Qc6
30.f3 Rxf6 31.Bg5 Rf5 32.Bxh4 Kg7 33.f4 Qa6 34.Rd1 a4 35.bxa4 Qxa4 36.Rdd2 Qa3
37.Be7 Qc1+ 38.Kh2 c4 39.dxc4 Qxc4 40.Bd6 d3 41.Rf2 e5 42.Qg3 e4 43.Qe3 Qd5
44.Bb4 Qc4 45.Ba3 Rb5 46.Bb2+  1-0